[Event "2019 Lidums Young Masters Open"]
[Site "Adelaide, Australia"]
[Date "2019.12.07"]
[Round "1.1"]
[White "Bayaca, Sterling"]
[Black "Xing, Zerui"]
[Result "1-0"]
[WhiteElo "1980"]
[BlackElo "1453"]
[EventDate "2019.12.07"]

1.Nf3 d5 2.e3 Bg4 3.c4 Nf6 4.Nc3 e5 5.cxd5 e4 6.Nxe4 Nxe4 7.Qa4+ Bd7 8.Qxe4+
Be7 9.Bd3 Na6 10.Bxa6 bxa6 11.O-O O-O 12.Nd4 f5 13.Qc2 Bd6 14.f4 Rf6 15.b3
Qf8 16.Bb2 Rh6 17.Nf3 Rb8 18.Ne5 Bb5 19.d3 Bc5 20.Rf3 Rbb6 21.a4 Be8 22.Rc1
Bd6 23.Rg3 g6 24.Nc4 Rb7 25.Qc3 Rb8 26.Qh8+ Kf7 27.Nxd6+ Ke7 28.Nc8+ Kf7
29.Rxc7+ Bd7 30.Rxd7+ Ke8 31.Re7+ Kd8 32.Qxf8#   1-0

[Event "2019 Lidums Young Masters Open"]
[Site "Adelaide, Australia"]
[Date "2019.12.07"]
[Round "1.2"]
[White "Retnaraja, Ethan"]
[Black "Badrinarayan, Sankeertan"]
[Result "0-1"]
[WhiteElo "1433"]
[BlackElo "1900"]
[EventDate "2019.12.07"]

1.Nf3 Nf6 2.c4 g6 3.b4 Bg7 4.Bb2 O-O 5.g3 d6 6.Bg2 a5 7.b5 e5 8.d3 Nbd7
9.O-O a4 10.a3 Nc5 11.Nc3 Nfd7 12.Rb1 f5 13.e4 fxe4 14.dxe4 Nb6 15.Qe2
Be6 16.Nd5 Nbd7 17.Rfd1 Nb3 18.Nd2 Ndc5 19.Nxb3 axb3 20.f4 Bxd5 21.Rxd5
exf4 22.Bxg7 Kxg7 23.Rbd1 f3 24.Bxf3 Qf6 25.Bg2 Rxa3 26.e5 Qe7 27.Rxc5
dxc5 28.e6 Qf6 29.Rf1 Ra1 30.Re1 Qc3 31.Rf1 Qd4+ 32.Kh1 Rf2 33.Qxf2 Qxf2
34.Rxa1 b2 35.Rf1 Qxf1+ 36.Bxf1 b1=Q   0-1

[Event "2019 Lidums Young Masters Open"]
[Site "Adelaide, Australia"]
[Date "2019.12.07"]
[Round "1.3"]
[White "Bartley, George"]
[Black "Pattison, Hamish"]
[Result "1-0"]
[WhiteElo "1733"]
[BlackElo "1409"]
[EventDate "2019.12.07"]

1.d4 d5 2.Nf3 Nf6 3.Bg5 g6 4.c3 Bg7 5.Nbd2 Nbd7 6.e3 b6 7.Qc2 Bb7 8.Be2
e6 9.h4 h5 10.Nh2 Bh6 11.f4 Qe7 12.a4 a5 13.O-O Bxg5 14.fxg5 Ng4 15.Bxg4
hxg4 16.g3 Qd6 17.Kg2 Ke7 18.Nxg4 Raf8 19.Nf6 Nxf6 20.Rxf6 Kd8 21.Raf1
Qe7 22.Nf3 Rhg8 23.Ne5 Ke8 24.Rxf7   1-0

[Event "2019 Lidums Young Masters Open"]
[Site "Adelaide, Australia"]
[Date "2019.12.07"]
[Round "1.4"]
[White "Nair, Gautam"]
[Black "Boldyrev, Nikita"]
[Result "0-1"]
[WhiteElo "1327"]
[BlackElo "1694"]
[EventDate "2019.12.07"]

1.Nf3 Nf6 2.d4 e6 3.Bg5 h6 4.Bxf6 Qxf6 5.Nbd2 d5 6.e4 dxe4 7.Nxe4 Qd8 8.Be2
b6 9.c3 Bb7 10.Qc2 Be7 11.Rd1 O-O 12.O-O Nd7 13.c4 Nf6 14.Ng3 c6 15.c5
Qc7 16.b4 Rfd8 17.Ne5 bxc5 18.bxc5 a5 19.a4 Ba6 20.Bxa6 Rxa6 21.f4 Nd5
22.f5 Ne3 23.Qd3 Qxe5 24.Qxa6 Rxd4 25.Rde1 Bxc5 26.Qxc6 Rd6 27.Qa8+ Kh7
28.Kh1 Qb2 29.Re2 Qd4 30.Rfe1 Ng4 31.Qf3 Nxh2 32.Ne4 Nxf3   0-1

[Event "2019 Lidums Young Masters Open"]
[Site "Adelaide, Australia"]
[Date "2019.12.07"]
[Round "1.5"]
[White "Lu, Lillian"]
[Black "Retnaraja, Athena-Malar"]
[Result "1/2-1/2"]
[WhiteElo "1689"]
[BlackElo "1322"]
[EventDate "2019.12.07"]

1.e4 c5 2.c3 e6 3.d4 cxd4 4.cxd4 d5 5.e5 Nc6 6.Nf3 h6 7.Nc3 a6 8.Be3 Nge7
9.Bd3 b5 10.O-O Bd7 11.a3 Na5 12.b4 Nc4 13.Qe2 Rc8 14.Rfc1 Nc6 15.Nd2 Qb6
16.Nb3 a5 17.Nc5 axb4 18.Nxd5 exd5 19.Nxd7 Qc7 20.Nxf8 Rxf8 21.axb4 Nxb4
22.Bf5 Rb8 23.Bd2 Nc6 24.e6 Qe7 25.exf7+ Kxf7 26.Qh5+ Kg8 27.Re1 Qf6 28.Be6+
Kh8 29.Bxd5 Qxf2+ 30.Kh1 Nxd2 31.Bxc6 Qxd4 32.Bxb5 Rbd8 33.h3 Qd5 34.Re5
Qf7 35.Qe2 Nb3 36.Bc4 Nd4 37.Qa2 Qf6 38.Ra5 Qc6 39.Ra6 Qc5 40.Ra5 Qe7 41.Ra7
Qc5 42.Qa4 Nf5 43.Qb3 Qe5 44.R7a3 Rd2 45.Qb4 Qd6 46.Qb3 Nh4 47.Bf1 Rdf2
48.Qd3 Qf6 49.Kg1 Qb6   1/2-1/2

[Event "2019 Lidums Young Masters Open"]
[Site "Adelaide, Australia"]
[Date "2019.12.07"]
[Round "1.6"]
[White "Watkins, Rachel Jane"]
[Black "He, Caleb"]
[Result "1/2-1/2"]
[WhiteElo "1230"]
[BlackElo "1668"]
[EventDate "2019.12.07"]

1.e4 c5 2.Nf3 Nc6 3.d4 cxd4 4.Nxd4 g6 5.Nc3 Bg7 6.Nf3 Nf6 7.Bc4 O-O 8.O-O
a6 9.a3 d6 10.Re1 Qc7 11.h3 b5 12.Ba2 Bb7 13.Bf4 Ne5 14.Nxe5 dxe5 15.Bg3
Rfd8 16.Qf3 Rd7 17.Rad1 Rad8 18.Rxd7 Rxd7 19.Bb3 Rd4 20.Nd5 Nxd5 21.exd5
Qd6 22.Qe3 Rxd5 23.Bxd5 Qxd5 24.f3 f6 25.Qb3 e6 26.Qxd5 exd5 27.f4 e4 28.b3
  1/2-1/2

[Event "2019 Lidums Young Masters Open"]
[Site "Adelaide, Australia"]
[Date "2019.12.07"]
[Round "1.7"]
[White "Kiripitige, Chathula"]
[Black "Maria, Alistair"]
[Result "1-0"]
[WhiteElo "1668"]
[BlackElo "1071"]
[EventDate "2019.12.07"]

1.e4 c5 2.Nf3 Nc6 3.d4 cxd4 4.Nxd4 Nf6 5.Nc3 e5 6.Ndb5 d6 7.Bg5 a6 8.Na3
b5 9.Nd5 h6 10.Nxf6+ gxf6 11.Be3 Bb7 12.c4 b4 13.Nc2 Rb8 14.b3 Qa5 15.Be2
Ba8 16.O-O Qc7 17.Qd2 a5 18.Rad1 Nd8 19.f3 Ne6 20.Bf2 Nf4 21.Ne3 Rg8 22.Bg3
Nxe2+ 23.Qxe2 Qb6 24.Bf2 Qc7 25.Qd2 h5 26.Nf5 Rd8 27.Bh4 Rg6 28.Rfe1 Bg7
29.Ng3 Kd7 30.Re3 Qc5 31.Kh1 Ke6 32.Rd3 Bf8 33.Nf5 Rd7 34.Bf2 Qc7 35.Re3
Bb7 36.Qd5+ Bxd5 37.cxd5#   1-0

[Event "2019 Lidums Young Masters Open"]
[Site "Adelaide, Australia"]
[Date "2019.12.07"]
[Round "2.1"]
[White "Kiripitige, Chathula"]
[Black "Bayaca, Sterling"]
[Result "1-0"]
[WhiteElo "1668"]
[BlackElo "1980"]
[EventDate "2019.12.07"]

1.e4 c5 2.Nf3 e6 3.d4 cxd4 4.Nxd4 a6 5.Nc3 Qc7 6.a3 Nf6 7.Be3 Be7 8.f3 b5
9.Qd3 Bb7 10.g4 d5 11.O-O-O dxe4 12.Nxe4 Nxe4 13.fxe4 Nd7 14.Nf3 Nf6 15.Nd2
Nxg4 16.Rg1 Nxe3 17.Qxe3 Bc5 18.Qc3 Qd6 19.Rg4 Qd4 20.Qxd4 Bxd4 21.Nf3
Bf6 22.Bd3 O-O 23.h4 Rac8 24.Ng5 h6 25.Nf3 Rfd8 26.h5 Rc5 27.Rg3 Rxh5 28.Rdg1
g6 29.e5 Bxf3 30.Rxf3 Rg5 31.Rgf1 Bxe5 32.Rxf7 Bd6 33.Ra7 Rf8 34.Re1 a5
35.Rxe6 Rg1+ 36.Kd2 Rf2+ 37.Kc3 b4+ 38.axb4 axb4+ 39.Kb3 Bc5 40.Rc7 Bf8
41.Bc4 Kh8 42.Ra6 Rg3+ 43.c3 bxc3 44.bxc3 Rgg2 45.Raa7 Rb2+ 46.Ka4 Ra2+
47.Bxa2 Rxa2+ 48.Kb3 Rxa7 49.Rxa7 h5 50.Kc4 Bg7 51.Kd3 g5 52.c4 Bf8 53.Ke4
Bc5 54.Ra5 Be7 55.c5 Kg7 56.c6 Bd8 57.Ra7+ Kf6 58.c7 Bxc7 59.Rxc7 g4 60.Kf4
  1-0

[Event "2019 Lidums Young Masters Open"]
[Site "Adelaide, Australia"]
[Date "2019.12.07"]
[Round "2.2"]
[White "Badrinarayan, Sankeertan"]
[Black "He, Paul"]
[Result "1-0"]
[WhiteElo "1900"]
[BlackElo "1612"]
[EventDate "2019.12.07"]

1.g3 c5 2.Bg2 g6 3.Nf3 Bg7 4.O-O Nf6 5.d3 O-O 6.e4 d6 7.Re1 Nc6 8.a4 Nd7
9.c3 Rb8 10.Be3 b5 11.axb5 Rxb5 12.Qc1 Nde5 13.Nxe5 Nxe5 14.Qc2 Qb6 15.b4
Ng4 16.Na3 Nxe3 17.fxe3 Bxc3 18.Nc4 Qb8 19.Qxc3 cxb4 20.Qd4 a6 21.Reb1
Qc7 22.Ra4 Qc5 23.e5 Rd8 24.exd6 exd6 25.Qf6 Rf8 26.Qxd6   1-0

[Event "2019 Lidums Young Masters Open"]
[Site "Adelaide, Australia"]
[Date "2019.12.07"]
[Round "2.3"]
[White "Rahman, Raad"]
[Black "Bartley, George"]
[Result "0-1"]
[WhiteElo "1619"]
[BlackElo "1733"]
[EventDate "2019.12.07"]

1.e4 c5 2.d4 cxd4 3.c3 dxc3 4.Nxc3 Nc6 5.Nf3 d6 6.Bc4 a6 7.O-O Nf6 8.Bf4
e6 9.Qe2 Be7 10.Rfd1 Qc7 11.Rac1 O-O 12.e5 dxe5 13.Nxe5 Bd6 14.Rxd6 Qxd6
15.Ng6 e5 16.Nxe5 Nxe5 17.Bxe5 Qe7 18.Nd5 Nxd5 19.Bxd5 Re8 20.f4 Be6 21.Rc7
Qb4 22.Bxe6 Rxe6   0-1

[Event "2019 Lidums Young Masters Open"]
[Site "Adelaide, Australia"]
[Date "2019.12.07"]
[Round "2.6"]
[White "Retnaraja, Athena-Malar"]
[Black "Watkins, Rachel Jane"]
[Result "1-0"]
[WhiteElo "1322"]
[BlackElo "1230"]
[EventDate "2019.12.07"]

1.d4 d5 2.Bf4 Nf6 3.e3 Bf5 4.Nf3 e6 5.c3 c5 6.Qb3 b6 7.Bb5+ Nbd7 8.Ne5 cxd4
9.exd4 a6 10.Bc6 Rc8 11.Bg5 Rxc6 12.Nxc6 Qc7 13.Nb4 a5 14.Nc2 Bd6 15.Nd2
Qc6 16.Na3 O-O 17.O-O Bd3 18.Rfe1 a4 19.Qd1 Bxa3 20.bxa3 Qxc3 21.Qxa4 Bc2
22.Qb4 Qc6 23.Rac1 h6 24.Bf4 Rc8 25.Nb3 Qa8 26.Na1 Bg6 27.Rxc8+ Qxc8 28.Rc1
Qa6 29.Qc3   1-0

[Event "2019 Lidums Young Masters Open"]
[Site "Adelaide, Australia"]
[Date "2019.12.07"]
[Round "2.7"]
[White "Fenton, Oliver"]
[Black "Nair, Gautam"]
[Result "1-0"]
[WhiteElo "1511"]
[BlackElo "1327"]
[EventDate "2019.12.07"]

1.d4 Nf6 2.c4 g6 3.Nf3 Bg7 4.Nc3 d6 5.Bg5 h6 6.Bxf6 exf6 7.e3 O-O 8.Bd3
f5 9.O-O g5 10.Qc2 Qf6 11.Nd5 Qd8 12.Bxf5 g4 13.Nd2 Nc6 14.a3 a5 15.b4
b6 16.Be4 f5 17.b5 Nxd4 18.exd4 fxe4 19.Qxe4 Bf5 20.Ne7+ Kh8 21.Nxf5 Rxf5
22.Qxf5 Bxd4 23.Rad1 Be5 24.Qxg4 Qf6 25.Ne4 Qf7 26.Qh4 Qg6 27.h3 Rg8 28.g3
Qg7 29.Qg4 Qe7 30.Qh5 Qg7 31.h4 a4 32.Ng5 Qe7   1-0

[Event "2019 Lidums Young Masters Open"]
[Site "Adelaide, Australia"]
[Date "2019.12.07"]
[Round "2.8"]
[White "Xing, Zerui"]
[Black "Maria, Alistair"]
[Result "1-0"]
[WhiteElo "1453"]
[BlackElo "1071"]
[EventDate "2019.12.07"]

1.e4 c5 2.Nf3 Nc6 3.Bb5 d6 4.d4 a6 5.Bxc6+ bxc6 6.dxc5 Qa5+ 7.Nc3 Qxc5 8.O-O
g6 9.Be3 Qa5 10.Qd2 Qc7 11.Ne2 Bg7 12.Rab1 Bg4 13.Ne1 Bxe2 14.Qxe2 Nf6
15.f3 O-O 16.Nd3 Nd7 17.f4 Rab8 18.Rf3 Nf6 19.f5 Nxe4 20.Qe1 c5 21.Rh3
h6 22.Bxh6 Bxh6 23.Rxh6 Kg7 24.Qh4 Rh8 25.Rxh8 Rxh8 26.Qxe4 d5 27.Qe5+
Qxe5 28.Nxe5 Kf6 29.Nd7+ Kxf5 30.Nxc5 Rc8 31.b4 a5 32.a3 Ke5 33.Kf2 Kd4
34.Ke2 Kc3 35.Kd1 Rh8 36.h3 Rh4 37.g4 Rxh3 38.Rb3+ Kc4 39.Rxh3 axb4 40.axb4
Kxb4 41.Rh7 Kxc5 42.Rxf7 Kd6 43.Rg7 Ke6 44.Rxg6+ Kf7 45.Rg5 Kf6 46.Rxd5
e6 47.Ra5   1-0

[Event "2019 Lidums Young Masters Open"]
[Site "Adelaide, Australia"]
[Date "2019.12.08"]
[Round "3.1"]
[White "Boldyrev, Nikita"]
[Black "Badrinarayan, Sankeertan"]
[Result "0-1"]
[WhiteElo "1694"]
[BlackElo "1900"]
[EventDate "2019.12.07"]

1.d4 Nf6 2.c4 g6 3.Nf3 Bg7 4.g3 O-O 5.Bg2 d6 6.Nc3 Nbd7 7.O-O e5 8.dxe5
dxe5 9.e4 c6 10.b3 Re8 11.Re1 Qa5 12.Bb2 Nf8 13.Qc2 Bg4 14.h3 Bxf3 15.Bxf3
Ne6 16.Ne2 h5 17.Bg2 h4 18.g4 Nh7 19.Bc3 Qc7 20.Rad1 Rad8 21.a3 Bh6 22.Bd2
Bxd2 23.Rxd2 Rxd2 24.Qxd2 Rd8 25.Qc1 Qd6 26.b4 Qd3 27.Qe3 Qxe3 28.fxe3
Rd3 29.Nc1 Rc3 30.Bf1 Nhg5 31.a4 Nf3+   0-1

[Event "2019 Lidums Young Masters Open"]
[Site "Adelaide, Australia"]
[Date "2019.12.08"]
[Round "3.2"]
[White "Bartley, George"]
[Black "Kiripitige, Chathula"]
[Result "1/2-1/2"]
[WhiteElo "1733"]
[BlackElo "1668"]
[EventDate "2019.12.07"]

1.d4 Nf6 2.Nf3 d5 3.c4 c6 4.Nc3 e6 5.Bg5 Be7 6.e3 O-O 7.cxd5 exd5 8.a3 Nbd7
9.b4 Re8 10.Qc2 Ne4 11.Bxe7 Qxe7 12.b5 Nxc3 13.Qxc3 c5 14.dxc5 Nxc5 15.Be2
Ne4 16.Qd4 Be6 17.Nd2 Nxd2   1/2-1/2

[Event "2019 Lidums Young Masters Open"]
[Site "Adelaide, Australia"]
[Date "2019.12.08"]
[Round "3.3"]
[White "Lu, Lillian"]
[Black "Rahman, Raad"]
[Result "1-0"]
[WhiteElo "1689"]
[BlackElo "1619"]
[EventDate "2019.12.07"]

1.e4 c5 2.c3 d6 3.d4 Nf6 4.Bd3 Nc6 5.Ne2 g6 6.Be3 c4 7.Bc2 Bg7 8.Nd2 b5
9.a4 bxa4 10.Bxa4 Bd7 11.f3 d5 12.Bb5 a6 13.Qa4 Qc7 14.e5 Nxe5 15.Bxd7+
Nexd7 16.Bf4 Qb6 17.O-O O-O 18.Rfb1 Qb5 19.b4 cxb3 20.Qxb5 axb5 21.Rxa8
Rxa8 22.Rxb3 Ra5 23.Rb4 Nh5 24.Be3 Nb6 25.Nb3 Ra2 26.Nec1 Rc2 27.Rxb5 Nc4
28.Rb8+ Bf8 29.Bh6 Ng7 30.Nc5 Nd6 31.Nd7 Nde8 32.Bxg7 Rxc1+ 33.Kf2 Kxg7
34.Rxe8 Rxc3 35.Rxf8 Rd3 36.Rxf7+   1-0

[Event "2019 Lidums Young Masters Open"]
[Site "Adelaide, Australia"]
[Date "2019.12.08"]
[Round "3.4"]
[White "Bayaca, Sterling"]
[Black "Retnaraja, Athena-Malar"]
[Result "1-0"]
[WhiteElo "1980"]
[BlackElo "1322"]
[EventDate "2019.12.07"]

1.Nf3 d5 2.e3 e6 3.c4 c6 4.Nc3 f5 5.b3 Nf6 6.Bb2 Bd6 7.d4 Ne4 8.Qc2 Nd7
9.g3 Ndf6 10.Bg2 Bd7 11.O-O Rc8 12.Nd2 Ng5 13.c5 Be7 14.b4 O-O 15.a4 Be8
16.Ne2 Nfe4 17.Nb3 Qd7 18.Nf4 Nf7 19.Nd3 Nfg5 20.f3 Nf6 21.Nf4 Nh5 22.Rfe1
Nxf4 23.exf4 Nf7 24.Qe2 Nd8 25.Nc1 g5 26.Nd3 Bh5 27.Bh3 Bf6 28.Qe3 g4 29.fxg4
fxg4 30.Qe2 Qg7 31.Ne5 Bxe5 32.Qxe5 Rf5 33.Qxg7+ Kxg7 34.Bf1 Rf6 35.b5
Bg6 36.a5 cxb5 37.a6 Be8 38.axb7 Nxb7 39.Rxa7 Rc7 40.f5 Kf7 41.Ra6 Rc6
42.Bxb5 Rxa6 43.Bxa6 Nd8 44.fxe6+ Rxe6 45.Rxe6 Kxe6 46.Kf2 Kf6 47.Ke3 Bd7
48.Bc3 h5 49.Ba5 Nc6 50.Bc7 Nb4 51.Bb7 Nc2+ 52.Kf4 Nxd4 53.Be5+   1-0

[Event "2019 Lidums Young Masters Open"]
[Site "Adelaide, Australia"]
[Date "2019.12.08"]
[Round "3.5"]
[White "He, Paul"]
[Black "Pattison, Hamish"]
[Result "1-0"]
[WhiteElo "1612"]
[BlackElo "1409"]
[EventDate "2019.12.07"]

1.c4 Nf6 2.g3 g6 3.b3 Bg7 4.Bb2 c5 5.Bg2 Nc6 6.Nf3 O-O 7.O-O b6 8.d3 Qc7
9.Nbd2 Bb7 10.Re1 d6 11.e4 e5 12.Nf1 Rfe8 13.Ne3 Nd4 14.Qd2 Qd7 15.Nd5
Nxd5 16.Bxd4 exd4 17.exd5 Rad8 18.Qf4 Qc7 19.Nd2 Re5 20.Ne4 Rde8 21.Kf1
f5 22.Ng5 Rxe1+ 23.Rxe1 Rxe1+ 24.Kxe1 Qe7+ 25.Ne6 Bc8 26.Kf1 Bxe6 27.dxe6
Kf8 28.Qf3 Bf6 29.Qa8+ Kg7 30.Bb7 Qxe6 31.Qxa7 Bd8 32.Bd5+ Qe7 33.Qa8 Qc7
34.Ke2 g5 35.Be6 Kf6 36.Qd5 f4 37.Qf5+ Kg7 38.gxf4 gxf4 39.Qxf4 Qe7 40.Qg4+
Kf6 41.Qf5+ Kg7 42.Kf3 Qf6 43.Qxf6+ Kxf6 44.Bg8 h6 45.Ke4 Ke7 46.f4 Kf6
47.Kd5 Kf5 48.Kxd6 Kxf4 49.Kd7 Bg5 50.Kc7 Ke3 51.Bh7 Bf4+ 52.Kxb6 Bxh2
53.a4 h5 54.a5 h4 55.a6 Bb8 56.Kb7 h3 57.Kxb8 h2 58.Be4 h1=Q 59.Bxh1 Kxd3
60.a7 Kc3 61.a8=Q Kxb3   1-0

[Event "2019 Lidums Young Masters Open"]
[Site "Adelaide, Australia"]
[Date "2019.12.08"]
[Round "3.6"]
[White "Retnaraja, Ethan"]
[Black "Fenton, Oliver"]
[Result "1-0"]
[WhiteElo "1433"]
[BlackElo "1511"]
[EventDate "2019.12.07"]

1.Nf3 Nf6 2.c4 g6 3.b3 d6 4.Bb2 Nbd7 5.g3 Bg7 6.Bg2 O-O 7.O-O e5 8.d3 Nc5
9.Nbd2 Bf5 10.b4 Ncd7 11.a3 e4 12.dxe4 Nxe4 13.Bxg7 Kxg7 14.Nxe4 Bxe4 15.Qd4+
Nf6 16.Rfd1 Qe7 17.Rac1 Rfd8 18.e3 d5 19.c5 c6 20.a4 a6 21.Qe5 Qxe5 22.Nxe5
Bxg2 23.Kxg2 Nd7 24.Nxd7 Rxd7 25.Rd4 Rad8 26.Rcd1 f5 27.f3 Re7 28.e4 Re5
29.R1d2 h5 30.h4 Kf6 31.Kf2 g5 32.hxg5+ Kg6 33.exd5 Rexd5 34.Rxd5 Rxd5
35.Rxd5 cxd5 36.f4   1-0

[Event "2019 Lidums Young Masters Open"]
[Site "Adelaide, Australia"]
[Date "2019.12.08"]
[Round "3.8"]
[White "Maria, Alistair"]
[Black "He, Caleb"]
[Result "0-1"]
[WhiteElo "1071"]
[BlackElo "1668"]
[EventDate "2019.12.07"]

1.d4 d5 2.Bf4 Nf6 3.e3 g6 4.Nf3 Bg7 5.Bd3 O-O 6.c3 b6 7.Nbd2 Bb7 8.Qc2 c5
9.b3 Nc6 10.h4 Nd7 11.Bb5 a6 12.Bxc6 Bxc6 13.h5 e5 14.Nxe5 Nxe5 15.dxe5
Re8 16.Nf3 d4 17.O-O-O Bxf3 18.gxf3 Bxe5 19.Bxe5 Rxe5 20.exd4 cxd4 21.Rxd4
Qe7 22.hxg6 fxg6 23.Re4 Rxe4 24.fxe4 Rd8 25.Kb1 Qe5 26.Kb2 Qf4 27.Rd1 Rxd1
28.Qxd1 Qxf2+ 29.Kb1 h5 30.Qd8+ Kg7 31.Qd4+ Qxd4 32.cxd4 h4 33.d5 h3 34.d6
h2 35.d7 h1=Q+ 36.Kb2 Qh8 37.d8=Q Qxd8 38.Kc3 Kf6   0-1

[Event "2019 Lidums Young Masters Open"]
[Site "Adelaide, Australia"]
[Date "2019.12.08"]
[Round "4.2"]
[White "Kiripitige, Chathula"]
[Black "Lu, Lillian"]
[Result "1-0"]
[WhiteElo "1668"]
[BlackElo "1689"]
[EventDate "2019.12.07"]

1.e4 e6 2.d4 d5 3.exd5 exd5 4.Bd3 Bd6 5.Ne2 Qf6 6.c3 Ne7 7.O-O O-O 8.Nd2
Ng6 9.Nf3 h6 10.Ng3 Bg4 11.Be2 Nd7 12.h3 Be6 13.Re1 Rfe8 14.Nh5 Qd8 15.Bd3
Nf6 16.Bxg6 fxg6 17.Nf4 Bf5 18.Ne5 g5 19.Nfd3 c6 20.b3 Qc7 21.f4 gxf4 22.Bxf4
Ne4 23.Qh5 Rf8 24.c4 b6 25.cxd5 cxd5 26.Rac1 Qb7 27.g4 Ng3 28.Bxg3 Bxd3
29.Nxd3 Bxg3 30.Rf1 Rxf1+ 31.Rxf1 Rd8 32.Kg2 Bb8 33.Qf5 Qe7 34.Re1 Qd6
35.Ne5 Rf8 36.Qd7 Rd8 37.Qf7+ Kh7 38.Qf5+ Kg8 39.Rf1 Bc7 40.Qf7+ Kh7 41.Rc1
Bb8 42.Rc6   1-0

[Event "2019 Lidums Young Masters Open"]
[Site "Adelaide, Australia"]
[Date "2019.12.08"]
[Round "4.3"]
[White "He, Paul"]
[Black "Bayaca, Sterling"]
[Result "0-1"]
[WhiteElo "1612"]
[BlackElo "1980"]
[EventDate "2019.12.07"]

1.c4 Nf6 2.g3 c5 3.Bg2 Nc6 4.Nf3 e5 5.d3 d5 6.cxd5 Nxd5 7.Nbd2 g6 8.b3 Bg7
9.Bb2 O-O 10.O-O b6 11.Nc4 Re8 12.Rc1 Bb7 13.Nfd2 Rc8 14.Ne4 Bf8 15.a4
Ndb4 16.g4 Nd4 17.Nf6+ Qxf6 18.Bxb7 Rcd8 19.Bxd4 Rxd4 20.Ne3 e4 21.Nc2
Nxc2 22.Rxc2 exd3 23.exd3 Red8 24.Rd2 Bd6 25.Ba6 Bxh2+ 26.Kg2 Qh4 27.f3
Bf4 28.Re2 Qh2#   0-1

[Event "2019 Lidums Young Masters Open"]
[Site "Adelaide, Australia"]
[Date "2019.12.08"]
[Round "4.4"]
[White "Retnaraja, Ethan"]
[Black "Boldyrev, Nikita"]
[Result "1-0"]
[WhiteElo "1433"]
[BlackElo "1694"]
[EventDate "2019.12.07"]

1.Nf3 Nf6 2.c4 e6 3.g3 d5 4.Bg2 Be7 5.O-O O-O 6.b3 c6 7.Bb2 Nbd7 8.d3 b6
9.Nbd2 Bb7 10.Rc1 Rc8 11.Ne5 dxc4 12.Ndxc4 Nxe5 13.Nxe5 Nd5 14.a3 Bf6 15.e4
Ne7 16.Qe2 c5 17.Rfd1 Bxe5 18.Bxe5 Nc6 19.Bb2 Nd4 20.Bxd4 Qxd4 21.Rc4 Qd7
22.e5 Ba6 23.Rh4 Rfd8 24.Be4 h6 25.Qg4 Kf8 26.Qf3 c4 27.bxc4 Bxc4 28.Rf4
Bd5 29.Bxd5 exd5 30.Re1 Re8 31.Rd4 Rc5 32.Rf4 Kg8 33.Kg2 Rc3 34.a4 Ra3
35.Rd4 Rd8 36.Qf4 g5 37.Qf6 Qe6 38.Qxd8+   1-0

[Event "2019 Lidums Young Masters Open"]
[Site "Adelaide, Australia"]
[Date "2019.12.08"]
[Round "4.6"]
[White "He, Caleb"]
[Black "Retnaraja, Athena-Malar"]
[Result "1-0"]
[WhiteElo "1668"]
[BlackElo "1322"]
[EventDate "2019.12.07"]

1.c4 e6 2.g3 d5 3.Bg2 c6 4.Qc2 f5 5.Nf3 Nf6 6.d3 Bd6 7.Nbd2 O-O 8.O-O h6
9.e4 e5 10.exd5 cxd5 11.cxd5 Na6 12.a3 Nc7 13.Nc4 Re8 14.Nfxe5 Ncxd5 15.Nxd6
Qxd6 16.Nf3 Be6 17.Re1 Rac8 18.Qd1 Bd7 19.Rxe8+ Rxe8 20.Bd2 Nb6 21.Bb4
Qe6 22.Qd2 Nbd5 23.Re1 Qc6 24.Rxe8+ Bxe8 25.Nd4 Qd7 26.Bc3 Qc8 27.Qc2 Qd7
28.Qe2 Bf7 29.Nf3 Bh5 30.Qe1 Qc7 31.Nd4 b6 32.Nxf5 Bg6 33.Bxf6 Nxf6 34.Ne7+
Kh7 35.Nxg6 Kxg6 36.Qc3 Qe7 37.Kf1 Ng4 38.Qc6+ Kh7 39.Be4+ Kg8 40.Qc8+
Kf7 41.Qxg4   1-0

[Event "2019 Lidums Young Masters Open"]
[Site "Adelaide, Australia"]
[Date "2019.12.08"]
[Round "4.7"]
[White "Rahman, Raad"]
[Black "Xing, Zerui"]
[Result "0-1"]
[WhiteElo "1619"]
[BlackElo "1453"]
[EventDate "2019.12.07"]

1.e4 e6 2.Nf3 Nc6 3.d4 d5 4.e5 Nge7 5.Bd3 Nf5 6.Bxf5 exf5 7.O-O Be6 8.Nbd2
Be7 9.Nb3 O-O 10.Qe2 Re8 11.Bd2 Qd7 12.Ne1 a5 13.Nd3 a4 14.Nbc5 Nxd4 15.Qd1
Qc6 16.Nxe6 fxe6 17.c3 Nb5 18.Nf4 a3 19.b3 Nxc3 20.Bxc3 Qxc3 21.Nxe6 Qxe5
22.Re1 Qd6 23.Qf3 Bf6   0-1

[Event "2019 Lidums Young Masters Open"]
[Site "Adelaide, Australia"]
[Date "2019.12.08"]
[Round "4.9"]
[White "Pattison, Hamish"]
[Black "Maria, Alistair"]
[Result "1-0"]
[WhiteElo "1409"]
[BlackElo "1071"]
[EventDate "2019.12.07"]

1.d4 Nf6 2.c4 c5 3.d5 b5 4.cxb5 a6 5.bxa6 g6 6.Nc3 Bg7 7.e4 d6 8.g3 O-O
9.Bg2 Qa5 10.Nge2 Bxa6 11.O-O Nbd7 12.f4 Qb6 13.Kh1 c4 14.h3 Nc5 15.Be3
Rac8 16.Rb1 Qb8 17.Bxc5 Rxc5 18.Qd2 Nd7 19.Nd4 Qb6 20.Na4 Qa5 21.Nc3 Qc7
22.Rfe1 Qa7 23.Nc6 Rxc6 24.dxc6 Nc5 25.Qe3 Qc7 26.Nd5 Qd8 27.Nc3 Qc8 28.e5
Nd3 29.Red1 dxe5 30.Rxd3 cxd3 31.fxe5 Qb8 32.Nd5 Re8 33.e6 f5 34.a3 Qb3
35.Nc7 Qc2 36.Rf1 d2 37.Nxe8 d1=R 38.Rxd1 Qxd1+ 39.Kh2 Qd8 40.Nxg7 Kxg7
41.Qe5+ Kg8 42.b4 Qd6 43.Qxd6 exd6 44.Bd5 Kf8 45.a4 Ke7 46.b5 Bc8 47.b6
Bxe6 48.Bxe6 Kxe6 49.b7 Kd5 50.c7 Kc6 51.c8=Q+ Kd5 52.b8=Q Ke5 53.Qd7 h5
54.Qbxd6+ Ke4 55.Q7e6+ Kf3   1-0

[Event "2019 Lidums Young Masters Open"]
[Site "Adelaide, Australia"]
[Date "2019.12.09"]
[Round "5.1"]
[White "Bartley, George"]
[Black "Retnaraja, Ethan"]
[Result "0-1"]
[WhiteElo "1733"]
[BlackElo "1433"]
[EventDate "2019.12.07"]

1.d4 Nf6 2.c4 e6 3.Nc3 Bb4 4.e3 O-O 5.Nf3 d5 6.a3 Bxc3+ 7.bxc3 c5 8.Qc2
Qc7 9.cxd5 Nxd5 10.Bd3 f5 11.g4 c4 12.Be2 b5 13.gxf5 exf5 14.Ne5 Nd7 15.f4
Nxe5 16.fxe5 Bb7 17.Rf1 Ne7 18.Bf3 Bxf3 19.Rxf3 Qc6 20.Qf2 a5 21.Rb1 Rab8
22.Rg3 Qe4 23.Rb2 Nd5 24.Qg2 Qxg2 25.Rbxg2 g6 26.Rc2 Rfc8 27.Kd2 b4 28.axb4
axb4 29.cxb4 Nxb4 30.Rc3 Na2 31.Rc2 c3 32.Kd1 Nb4 33.Rcg2 c2+ 34.Kd2 Na2
35.Rg1 Rb1 36.Rf3 Kf7 37.Rff1 Rb3 38.e4 Ke6 39.exf5+ gxf5 40.Rg3 Rb4 41.Rd3
Kd5 42.Re1 Nxc1 43.Rxc1 Rxd4 44.Rxd4+ Kxd4 45.e6 Ke5 46.e7 Kf6 47.Rxc2
Rxc2+ 48.Kxc2 Kxe7 49.Kd1 Kf6 50.Ke2 Kg5 51.Kf3 h5 52.Kg3 f4+ 53.Kf3 h4
54.h3 Kf5 55.Kf2 Ke4 56.Ke2 f3+ 57.Kf2 Kf4 58.Kf1 Kg3 59.Kg1 Kxh3 60.Kh1
Kg3 61.Kg1 f2+ 62.Kf1 h3   0-1

[Event "2019 Lidums Young Masters Open"]
[Site "Adelaide, Australia"]
[Date "2019.12.09"]
[Round "5.2"]
[White "Badrinarayan, Sankeertan"]
[Black "Kiripitige, Chathula"]
[Result "1-0"]
[WhiteElo "1900"]
[BlackElo "1668"]
[EventDate "2019.12.07"]

1.Nf3 d5 2.g3 Nf6 3.Bg2 c5 4.O-O Nc6 5.d3 e5 6.e4 d4 7.a4 Bd6 8.Na3 O-O
9.Bd2 h6 10.Nh4 Re8 11.Nc4 Bc7 12.h3 a6 13.Qe1 Be6 14.a5 Rb8 15.b3 Bxc4
16.bxc4 b5 17.axb6 Rxb6 18.Qc1 Kh7 19.Qa3 Nb4 20.Rac1 g6 21.Bxb4 cxb4 22.Qa2
Kg7 23.Ra1 Qd6 24.Nf3 Rc6 25.Qa4 a5 26.Nxe5 Ra6 27.Ng4 Qe6 28.Nxf6 Kxf6
29.f4 Kg7 30.e5 Rb8 31.Kh2 g5 32.Bd5 Qe7 33.fxg5 Qxe5 34.Rxf7+ Kh8 35.Rg1
hxg5 36.Qd7 Rh6 37.Be4 Kg8 38.Rh7 Rf8 39.Rxh6 Rf7 40.Bd5 Qe2+ 41.Kh1 Qf3+
42.Bxf3 Rxd7 43.Bd5+ Kg7 44.Ra6 Re7 45.Re6 Rf7 46.Kg2 Rd7 47.Ra6 Bd8 48.Rf1
  1-0

[Event "2019 Lidums Young Masters Open"]
[Site "Adelaide, Australia"]
[Date "2019.12.09"]
[Round "5.3"]
[White "Bayaca, Sterling"]
[Black "Lu, Lillian"]
[Result "1-0"]
[WhiteElo "1980"]
[BlackElo "1689"]
[EventDate "2019.12.07"]

1.Nf3 d5 2.e3 Nf6 3.c4 e6 4.Nc3 Be7 5.b3 c5 6.Bb2 Nc6 7.cxd5 exd5 8.d4 O-O
9.Be2 b6 10.O-O Bf5 11.Rc1 Rc8 12.Na4 Ne4 13.Nc3 cxd4 14.Nxe4 dxe4 15.Nxd4
Nxd4 16.Bxd4 Ba3 17.Rxc8 Bxc8 18.Qa1 Qg5 19.Rd1 Bh3 20.Bf1 Bg4 21.Rd2 Rc8
22.Bb2 Qa5 23.Rd4 Bxb2 24.Qxb2 Qe1 25.Rxe4 h5 26.Rc4 Rd8 27.Rd4 Rc8 28.Qd2
Qa1 29.f3 Bf5 30.Rd8+ Rxd8 31.Qxd8+ Kh7 32.Qd2 Bb1 33.a4 Ba2 34.Kf2 g6
35.Bc4 Qb1 36.Qd5 Qb2+ 37.Kg3 Kh6 38.Qxf7 Bb1 39.Qf8+ Kh7 40.Qf4 Bc2 41.h4
Qg7 42.Qf7 a5 43.Kf4 Qxf7+ 44.Bxf7 Kg7 45.Bc4 Kf6 46.e4 Bb1 47.Ke3 Ke5
48.g3 Kd6 49.Kd2 Ke5 50.Bd3 Ba2 51.Kc2   1-0